'#' TV Shows by Picture Quiz Stats

 Plays Quiz Updated Apr 9, 2014

Support Sporcle.
Go Orange.
Score 0/12 Timer 05:00
1 Play Today
Location Show % Correct
24
88.9%
30 Rock
88.9%
2 Broke Girls
84.9%
3rd Rock from the Sun
61%
101 Dalmatians: The Series
60%
60 Minutes
57.1%
7th Heaven
56.2%
21 Jump Street
48.5%
8 Simple Rules
46.7%
1 vs. 100
35.5%
20/20
34.7%
227
21.1%

You're not logged in!

Compare scores with friends on all Sporcle quizzes.
OR
Log In

From the Vault

Change a Letter: Video Games

by christopherjulia

Change one letter and the whole game changes.
Remove Ads.
Support Sporcle.
Get the best of Sporcle when you Go Orange. This ad-free experience offers more features, more stats, and more fun while also helping to support Sporcle. Thank you for becoming a member.

Show Comments

Extras

Top Quizzes Today


Score Distribution

Your Account Isn't Verified!

In order to create a playlist on Sporcle, you need to verify the email address you used during registration. Go to your Sporcle Settings to finish the process.

Report this User

Report this user for behavior that violates our Community Guidelines.

Details: